000 00554nam a22002057a 4500
003 OSt
005 20150827180024.0
008 150827b xxu||||| |||| 00| 0 eng d
020 _a9781847875419
040 _cDDC
082 _222nd ed.
_a570 BAR 2013
100 _aBarnes, Jim
_95601
245 _aEssential biological psychology
260 _aLos Angeles;
_bSage,
_c2013
300 _axxvi,390p;
_bcol.ill:
_c23.5cm
504 _aGlossary, references, & indeces included
650 _aBiology
_95602
650 _aPsychology
_931
942 _2z
_cO_SHELF
999 _c2191
_d2191